01010cam a22002654a 4500001000500000005001700005020001800022040002300040050002200063082001100085100006100096245005400157260004200211300004700253505000800300520010800308521002000416521002000436650004700456650002600503906004500529942001500574999001500589952014000604271320240111135007.0 a9780736851268 aDLCcDLCdDLCbeng00aQL737.R632b 200500a599.371 aRustad, Martha E. H.q(Martha Elizabeth Hillman),d1975-10aBeavers and their lodges /cby Martha E.H. Rustad aNorth Mankato bCapstone Press,c2005 a24 pages :bcolor illustrations ; c24 cm. aG  aText and photographs introduce beavers and the lodges in which they build, live, and raise their young. a380 bLexile  aG bRaz-Plus  0aBeaversxHabitationsvJuvenile literature. 1aBeaversxHabitations. a7bcbccorignewd1eecipf20gy-gencatlg 2ddccBKn0 c2713d2713 00102ddc40708NFICa001b001cTTPd2024-01-10l4oRUS 599.37 QL737.R632pFISTK02210r2025-08-20 11:09:14s2025-08-20w2024-01-10yBK